[Event "Chesterfield SPICE Cup op"]
[Site "Chesterfield"]
[Date "2023.12.22"]
[Round "9"]
[White "Zeltsan, Joseph"]
[Black "Marjanovic, Annamaria"]
[Result "1-0"]
[WhiteElo "2415"]
[BlackElo "2284"]
[PlyCount "93"]
[EventDate "2023.12.17"]
[EventType "swiss"]
[EventRounds "9"]
[EventCountry "USA"]
[SourceTitle "CB52_2023"]
[SourceDate "2023.12.27"]
[SourceVersion "1"]
[SourceVersionDate "2023.12.27"]
[SourceQuality "1"]

1. e4 c5 2. Nf3 Nc6 3. Bb5 g6 4. 0-0 Bg7 5. c3 e5 6. d4 cxd4 7. cxd4 exd4 8. Bf4 a6 9. Ba4 Nge7 10. Bd6 b5 11. Bb3 Na5 12. Qc1 Nxb3 13. axb3 Bb7 14. Qf4 Nc8 15. Be5 0-0 16. Bxd4 Qe7 17. Bxg7 Kxg7 18. Nc3 Qb4 19. Rad1 d6 20. h4 h6 21. h5 Qxb3 22. Nd4 Qc4 23. Nce2 Qc5 24. hxg6 Qg5 25. Nf5+ Kxg6 26. Qf3 Kh7 27. Neg3 Qf6 28. Rd4 Rg8 29. Rc1 Ra7 30. Rc7 Rg6 31. Nh5 Qe6 32. Nfg3 Ba8 33. Nf4 Qf6 34. Rxc8 Qxd4 35. Nxg6 fxg6 36. Qf8 Qg7 37. Rxa8 Rxa8 38. Qxa8 Qxb2 39. Qb7+ Kg8 40. Qc8+ Kh7 41. Qd7+ Qg7 42. Qxd6 Qb7 43. Qb4 Qc7 44. Nf1 Qg7 45. g3 Qe5 46. Ne3 h5 47. Nd5 1-0

[Event "Chesterfield SPICE Cup op"]
[Site "Chesterfield"]
[Date "2023.12.18"]
[Round "3"]
[White "Marjanovic, Annamaria"]
[Black "Cavanah, Troy"]
[Result "1/2-1/2"]
[WhiteElo "2284"]
[BlackElo "1950"]
[PlyCount "161"]
[EventDate "2023.12.17"]
[EventType "swiss"]
[EventRounds "9"]
[EventCountry "USA"]
[SourceTitle "CB52_2023"]
[SourceDate "2023.12.27"]
[SourceVersion "1"]
[SourceVersionDate "2023.12.27"]
[SourceQuality "1"]

1. e4 c5 2. Nf3 d6 3. d4 cxd4 4. Nxd4 Nf6 5. Nc3 a6 6. h3 e6 7. g4 d5 8. exd5 Nxd5 9. Nde2 Bb4 10. Bg2 0-0 11. 0-0 Nxc3 12. Nxc3 Qc7 13. Qd4 Nc6 14. Qc4 Bd7 15. Bf4 Qa5 16. Rfd1 Rfd8 17. Ne4 b5 18. Qb3 h6 19. Bxh6 Be8 20. Bg5 Be7 21. Bxe7 Nxe7 22. Qc3 b4 23. Qg3 Rac8 24. Nd6 Rxc2 25. Be4 Rc7 26. Nb7 Rxd1+ 27. Rxd1 Qb6 28. Rd6 Rc1+ 29. Kh2 Nc6 30. Nd8 Qc7 31. Nxc6 Bxc6 32. Bxc6 Rxc6 33. Rxc6 Qxc6 34. Qb8+ Kh7 35. Qxb4 Qc7+ 36. Kg2 Qc6+ 37. Kg3 Qh1 38. Qc5 Qg1+ 39. Kf3 Qh1+ 40. Ke2 Qb1 41. Qa3 Qc2+ 42. Ke3 Qc1+ 43. Ke2 Qc2+ 44. Kf3 Qd1+ 45. Kg2 Qd5+ 46. Kg1 Qd1+ 47. Kh2 Qd2 48. Kg3 Qe2 49. Qc3 Qf1 50. a3 Qg1+ 51. Kf3 Qf1 52. Qc2+ g6 53. Kg3 Qg1+ 54. Kf3 Qf1 55. Qc7 Qxh3+ 56. Qg3 Qh1+ 57. Ke2 Qb1 58. Qh2+ Kg8 59. Qe5 Qc2+ 60. Kf3 Qd1+ 61. Kf4 Qc1+ 62. Kg3 Qg1+ 63. Kf3 Qd1+ 64. Qe2 Qh1+ 65. Ke3 Qc1+ 66. Kd3 Qb1+ 67. Kc3 a5 68. Kb3 Qc1 69. Qe4 Qd1+ 70. Kc3 a4 71. Qd4 Qb3+ 72. Kd2 Kh7 73. Ke2 Qc2+ 74. Kf3 Qb3+ 75. Kf4 Qb8+ 76. Ke4 Qb3 77. Qb4 Qc2+ 78. Ke3 Qc1+ 79. Kf3 Qc2 80. Kg3 Qd1 81. Kf4 1/2-1/2

[Event "Titled Tuesday intern op 21st Mar Late"]
[Site "Chess.com INT"]
[Date "2023.03.21"]
[Round "6"]
[White "Marjanovic, Annamaria"]
[Black "Averjanov, Alexey"]
[Result "0-1"]
[WhiteElo "2264"]
[BlackElo "2399"]
[PlyCount "144"]
[EventDate "2023.03.21"]
[EventType "swiss (blitz)"]
[EventRounds "11"]
[EventCountry "USA"]
[SourceTitle "EXT 2024"]
[Source "ChessBase"]
[SourceDate "2023.10.10"]
[SourceVersion "1"]
[SourceVersionDate "2023.10.10"]
[SourceQuality "1"]

1. c4 c5 2. g3 Nc6 3. Bg2 g6 4. Nc3 Bg7 5. a3 e6 6. Rb1 a5 7. Nf3 Nge7 8. 0-0 0-0 9. b3 b6 10. Bb2 Bb7 11. Nb5 Bxb2 12. Rxb2 d5 13. d4 cxd4 14. Nfxd4 Nxd4 15. Nxd4 Rc8 16. Rd2 Qc7 17. Nb5 Qb8 18. cxd5 Bxd5 19. e4 Bc6 20. Nd6 Rcd8 21. e5 Bxg2 22. Kxg2 Nf5 23. Re1 Kg7 24. Nxf5+ exf5 25. e6 Qb7+ 26. Kg1 Rxd2 27. Qxd2 Re8 28. Qd4+ Kh6 29. Qf6 Rxe6 30. Rxe6 fxe6 31. Qxe6 Kg7 32. Qe5+ Kf7 33. Qh8 Ke6 34. Qg8+ Ke5 35. Qe8+ Kd6 36. Qd8+ Kc5 37. Qf8+ Kd4 38. Qf6+ Kd3 39. Qb2 Qf3 40. Qb1+ Kc3 41. b4 a4 42. b5 Qe4 43. Qc1+ Kb3 44. Qa1 Qc2 45. Qd4 Kxa3 46. Qxb6 Kb3 47. Qe6+ Qc4 48. Qxc4+ Kxc4 49. b6 a3 50. b7 a2 51. b8Q a1Q+ 52. Kg2 Qg7 53. Qc8+ Kd5 54. Qd8+ Ke6 55. Qd3 Qb7+ 56. Kg1 Qd5 57. Qe3+ Qe5 58. Qb6+ Kf7 59. Qb3+ Kg7 60. Qb7+ Kh6 61. h4 Qe1+ 62. Kg2 Qe4+ 63. Qxe4 fxe4 64. g4 g5 65. h5 Kg7 66. Kf1 Kf6 67. Ke2 Ke5 68. Ke3 h6 69. f3 exf3 70. Kxf3 Kd4 71. Kg3 Ke3 72. Kh3 Kf3 0-1

[Event "Titled Tuesday intern op 21st Mar Late"]
[Site "Chess.com INT"]
[Date "2023.03.21"]
[Round "8"]
[White "Melikhov, Evgeny V"]
[Black "Marjanovic, Annamaria"]
[Result "0-1"]
[WhiteElo "2269"]
[BlackElo "2264"]
[PlyCount "94"]
[EventDate "2023.03.21"]
[EventType "swiss (blitz)"]
[EventRounds "11"]
[EventCountry "USA"]
[SourceTitle "EXT 2024"]
[Source "ChessBase"]
[SourceDate "2023.10.10"]
[SourceVersion "1"]
[SourceVersionDate "2023.10.10"]
[SourceQuality "1"]

1. d4 f5 2. e4 fxe4 3. Nc3 Nf6 4. Bg5 Nc6 5. d5 Ne5 6. Qe2 Nf7 7. Bxf6 exf6 8. Nxe4 Qe7 9. 0-0-0 f5 10. Ng3 Qxe2 11. N1xe2 g6 12. h4 Bh6+ 13. Kb1 0-0 14. h5 Kg7 15. Nd4 d6 16. Bc4 Ne5 17. Bb3 Bd7 18. hxg6 hxg6 19. f3 Rae8 20. Ne6+ Bxe6 21. dxe6 Rh8 22. Rh3 Bg5 23. Rdh1 c6 24. Rxh8 Rxh8 25. Rxh8 Kxh8 26. f4 Bf6 27. fxe5 dxe5 28. Ne2 Kg7 29. c3 Kf8 30. Kc2 Ke7 31. Kd2 Bg5+ 32. Kd1 Be3 33. Ng3 Kd6 34. a4 a6 35. Kc2 b5 36. axb5 axb5 37. Nf1 Bf4 38. g3 Bg5 39. c4 b4 40. Kd3 e4+ 41. Kc2 Kxe6 42. Ba4 Kd6 43. Kd1 Bf6 44. Kc2 Be5 45. Bb3 g5 46. Kd2 Bxb2 47. Ne3 Ke5 0-1

[Event "Titled Tuesday intern op 21st Mar Late"]
[Site "Chess.com INT"]
[Date "2023.03.21"]
[Round "2"]
[White "Rostovtsev, Dmitry"]
[Black "Marjanovic, Annamaria"]
[Result "1-0"]
[WhiteElo "2259"]
[BlackElo "2264"]
[PlyCount "79"]
[EventDate "2023.03.21"]
[EventType "swiss (blitz)"]
[EventRounds "11"]
[EventCountry "USA"]
[SourceTitle "EXT 2024"]
[Source "ChessBase"]
[SourceDate "2023.10.10"]
[SourceVersion "1"]
[SourceVersionDate "2023.10.10"]
[SourceQuality "1"]

1. e4 e6 2. d4 d5 3. Nc3 Nf6 4. e5 Nfd7 5. f4 c5 6. Nf3 Nc6 7. Be3 a6 8. Qd2 b5 9. Nd1 Qb6 10. Be2 b4 11. 0-0 c4 12. Nf2 a5 13. g4 g6 14. f5 gxf5 15. gxf5 exf5 16. Nh3 Ba6 17. c3 Ne7 18. Kh1 0-0-0 19. Nfg5 Qg6 20. Rg1 Nc6 21. Nf4 Qg7 22. Nge6 Qh6 23. Nxd8 Nxd8 24. Ng6 Qg7 25. Nxh8 Qxh8 26. Bh6 Bb7 27. Raf1 Ne6 28. Rxf5 Bxh6 29. Qxh6 Qe8 30. Qxh7 f6 31. Rg8 Nef8 32. Qh5 Qe6 33. Rxf6 Qxg8 34. Qf7 Qg5 35. Rf1 Qh6 36. Bg4 Qh4 37. Qxf8+ Kc7 38. Qd6+ Kc8 39. Bxd7+ Kd8 40. Rf8# 1-0

[Event "Titled Tuesday intern op 27th Dec Late"]
[Site "Chess.com INT"]
[Date "2022.12.27"]
[Round "6"]
[White "Marjanovic, Annamaria"]
[Black "Kazakouski, Valery"]
[Result "0-1"]
[WhiteElo "2312"]
[BlackElo "2539"]
[PlyCount "98"]
[EventDate "2022.12.27"]
[EventType "swiss (blitz)"]
[EventRounds "11"]
[EventCountry "USA"]
[SourceTitle "EXT 2024"]
[Source "ChessBase"]
[SourceDate "2023.10.10"]
[SourceVersion "1"]
[SourceVersionDate "2023.10.10"]
[SourceQuality "1"]

1. c4 e6 2. g3 d5 3. Bg2 Nf6 4. Nf3 dxc4 5. Qa4+ c6 6. Qxc4 b5 7. Qc2 Bb7 8. 0-0 Nbd7 9. d4 c5 10. dxc5 Bxc5 11. Nc3 Rc8 12. Qd1 Qb6 13. Bf4 0-0 14. Ne5 Rfd8 15. Nxd7 Rxd7 16. Qb3 Bxg2 17. Kxg2 b4 18. Na4 Qb7+ 19. f3 Bf8 20. Rac1 Nd5 21. Bd2 Rxc1 22. Rxc1 Qb5 23. Kf1 h5 24. a3 a5 25. axb4 axb4 26. Rc4 Ra7 27. Nc3 bxc3 28. Qxb5 cxd2 29. Rd4 Ra1+ 30. Kg2 d1Q 31. Rxd1 Rxd1 32. Qa4 Rd2 33. Kf1 Rxb2 34. Qa8 g6 35. h4 Ne7 36. Qa7 Nf5 37. Kf2 Bg7 38. Qa8+ Kh7 39. Kf1 Nxg3+ 40. Kg2 Nf5 41. Kf1 Bf6 42. Qa7 Kg7 43. Qa8 Nxh4 44. Ke1 Nf5 45. Qa7 h4 46. e4 Ng3 47. f4 Re2+ 48. Kd1 Rxe4 49. f5 exf5 0-1

[Event "Titled Tuesday intern op 27th Dec Late"]
[Site "Chess.com INT"]
[Date "2022.12.27"]
[Round "10"]
[White "Marjanovic, Annamaria"]
[Black "Korchmar, Vasiliy"]
[Result "0-1"]
[WhiteElo "2312"]
[BlackElo "2438"]
[PlyCount "48"]
[EventDate "2022.12.27"]
[EventType "swiss (blitz)"]
[EventRounds "11"]
[EventCountry "USA"]
[SourceTitle "EXT 2024"]
[Source "ChessBase"]
[SourceDate "2023.10.10"]
[SourceVersion "1"]
[SourceVersionDate "2023.10.10"]
[SourceQuality "1"]

1. c4 c6 2. g3 d5 3. Nf3 Bg4 4. Bg2 e6 5. cxd5 exd5 6. Ne5 Be6 7. d4 Nf6 8. 0-0 Nbd7 9. Nd3 Bd6 10. Nc3 0-0 11. Bg5 h6 12. Bf4 Be7 13. Ne5 Re8 14. Qb3 Nb6 15. Rfe1 Bd6 16. Nd3 Bf8 17. a4 a5 18. Qc2 Nc4 19. b3 Nd6 20. Nc5 Bc8 21. Rad1 Nf5 22. Nxb7 Qb6 23. Nc5 Nxd4 24. Rxd4 Bxc5 0-1

[Event "Titled Tuesday intern op 27th Dec Early"]
[Site "Chess.com INT"]
[Date "2022.12.27"]
[Round "5"]
[White "Marjanovic, Annamaria"]
[Black "Mitrovic, Darko R"]
[Result "1-0"]
[WhiteElo "2312"]
[BlackElo "2220"]
[PlyCount "30"]
[EventDate "2022.12.27"]
[EventType "swiss (blitz)"]
[EventRounds "11"]
[EventCountry "USA"]
[SourceTitle "EXT 2024"]
[Source "ChessBase"]
[SourceDate "2023.10.10"]
[SourceVersion "1"]
[SourceVersionDate "2023.10.10"]
[SourceQuality "1"]

1. c4 e5 2. g3 Nc6 3. Bg2 g6 4. Nc3 Bg7 5. d3 f5 6. Nf3 Nf6 7. 0-0 0-0 8. Rb1 d6 9. b4 h6 10. b5 Ne7 11. Qb3 Be6 12. Bb2 c6 13. bxc6 bxc6 14. Qa4 Qd7 15. Ba3 Rab8 1-0

[Event "Titled Tuesday intern op 27th Dec Early"]
[Site "Chess.com INT"]
[Date "2022.12.27"]
[Round "10"]
[White "Marjanovic, Annamaria"]
[Black "Osinovsky, Stepan"]
[Result "1-0"]
[WhiteElo "2312"]
[BlackElo "2241"]
[PlyCount "97"]
[EventDate "2022.12.27"]
[EventType "swiss (blitz)"]
[EventRounds "11"]
[EventCountry "USA"]
[SourceTitle "EXT 2024"]
[Source "ChessBase"]
[SourceDate "2023.10.10"]
[SourceVersion "1"]
[SourceVersionDate "2023.10.10"]
[SourceQuality "1"]

1. c4 Nf6 2. g3 g6 3. Bg2 Bg7 4. Nc3 0-0 5. d3 d6 6. Rb1 e5 7. b4 a5 8. a3 axb4 9. axb4 Nc6 10. Nf3 Nd4 11. Nxd4 exd4 12. Nd5 c6 13. Nxf6+ Qxf6 14. 0-0 Re8 15. e3 dxe3 16. fxe3 Qe7 17. Bd2 Ra2 18. Rf2 Bf5 19. Qb3 Rxd2 20. Rxd2 Qxe3+ 21. Rf2 Bd4 22. Rbf1 Bxd3 23. c5 Qxf2+ 24. Rxf2 Re1+ 25. Bf1 Rxf1+ 26. Kg2 Rxf2+ 27. Kh3 h5 28. Qxd3 dxc5 29. bxc5 Bxc5 30. Qd8+ Bf8 31. Qb6 c5 32. Qxb7 Re2 33. Qb5 Rd2 34. Qc4 Rd4 35. Qc3 Re4 36. Qd3 Rd4 37. Qc3 Rd8 38. Qf6 Rd2 39. Qc3 Ra2 40. Qb3 Ra8 41. Qd5 Rc8 42. Qd7 Rb8 43. Qd3 Rb6 44. Qc4 Re6 45. Kg2 Be7 46. Kf3 Rf6+ 47. Kg2 Rd6 48. Qe4 Kf8 49. Qa8+ 1-0

[Event "Titled Tuesday intern op 27th Dec Late"]
[Site "Chess.com INT"]
[Date "2022.12.27"]
[Round "5"]
[White "Marjanovic, Annamaria"]
[Black "Torres Dominguez, David"]
[Result "1-0"]
[WhiteElo "2312"]
[BlackElo "1998"]
[PlyCount "59"]
[EventDate "2022.12.27"]
[EventType "swiss (blitz)"]
[EventRounds "11"]
[EventCountry "USA"]
[SourceTitle "EXT 2024"]
[Source "ChessBase"]
[SourceDate "2023.10.10"]
[SourceVersion "1"]
[SourceVersionDate "2023.10.10"]
[SourceQuality "1"]

1. c4 e5 2. g3 Nc6 3. Bg2 f5 4. Nc3 Nf6 5. d3 Bb4 6. e4 Bxc3+ 7. bxc3 fxe4 8. dxe4 d6 9. Ne2 0-0 10. 0-0 Be6 11. Qd3 b6 12. Bg5 Na5 13. c5 Bc4 14. Qc2 dxc5 15. Rad1 Qe8 16. f4 h6 17. fxe5 Qxe5 18. Rf5 Qe7 19. Bxf6 Rxf6 20. Rxf6 Qxf6 21. e5 Qxe5 22. Bxa8 Bxe2 23. Rd8+ Kf7 24. Qe4 Qxe4 25. Bxe4 Ke7 26. Ra8 Nc4 27. Rxa7 Kd6 28. Ra8 Nd2 29. Rd8+ Ke5 30. Rxd2 1-0

[Event "Titled Tuesday intern op 20th Sep Late"]
[Site "Chess.com INT"]
[Date "2022.09.20"]
[Round "4"]
[White "Marjanovic, Annamaria"]
[Black "Girel, Joseph"]
[Result "0-1"]
[WhiteElo "2312"]
[BlackElo "2411"]
[PlyCount "112"]
[EventDate "2022.09.20"]
[EventType "swiss (blitz)"]
[EventRounds "11"]
[EventCountry "USA"]
[SourceTitle "EXT 2023"]
[Source "ChessBase"]
[SourceDate "2022.10.05"]
[SourceVersion "1"]
[SourceVersionDate "2022.10.05"]
[SourceQuality "1"]

1. e4 c5 2. Nf3 e6 3. d4 cxd4 4. Nxd4 Nf6 5. Nc3 Nc6 6. Ndb5 Bc5 7. Nd6+ Ke7 8. Nxc8+ Rxc8 9. Be2 Qc7 10. 0-0 h5 11. a3 Qe5 12. g3 g5 13. Qd3 h4 14. Be3 hxg3 15. fxg3 Rh3 16. Nd5+ exd5 17. Bxc5+ d6 18. Rf5 Qxb2 19. Raf1 dxc5 20. Rxf6 Ne5 21. Qxd5 Qd4+ 22. Kg2 Qxd5 23. exd5 Rch8 24. d6+ Kd8 25. Rh1 R3h6 26. Rf5 f6 27. Bb5 a6 28. Be2 Kd7 29. h3 Kxd6 30. Rd1+ Ke6 31. Rdf1 Rxh3 32. Rxf6+ Ke7 33. g4 Rh2+ 34. Kg1 Rh1+ 35. Kg2 R8h2+ 36. Kg3 Rxe2 37. Rxh1 Kxf6 38. Rh6+ Ng6 39. Rh7 b5 40. Ra7 Re3+ 41. Kf2 Rc3 42. Rc7 Rxc2+ 43. Ke3 Rc3+ 44. Kd2 Rc4 45. Rc6+ Kg7 46. Rxa6 Ne5 47. Ra7+ Kf6 48. Ra6+ Kf7 49. Ra7+ Ke6 50. Ra6+ Kd5 51. Ra7 Rxg4 52. Ra8 Kc4 53. Re8 Nc6 54. Re6 Nd4 55. Re8 Rg2+ 56. Ke3 Re2# 0-1

[Event "Titled Tuesday intern op 13th Sep Late"]
[Site "Chess.com INT"]
[Date "2022.09.13"]
[Round "1"]
[White "Dilmukhametov, Artur"]
[Black "Marjanovic, Annamaria"]
[Result "0-1"]
[WhiteElo "2276"]
[BlackElo "2312"]
[PlyCount "48"]
[EventDate "2022.09.13"]
[EventType "swiss (blitz)"]
[EventRounds "11"]
[EventCountry "USA"]
[SourceTitle "EXT 2023"]
[Source "ChessBase"]
[SourceDate "2022.10.05"]
[SourceVersion "1"]
[SourceVersionDate "2022.10.05"]
[SourceQuality "1"]

1. e4 e6 2. d4 d5 3. Nd2 c5 4. exd5 exd5 5. Ngf3 Nf6 6. Bb5+ Bd7 7. Qe2+ Be7 8. 0-0 0-0 9. dxc5 Bxc5 10. Nb3 Bb6 11. c3 Re8 12. Qd3 Bxb5 13. Qxb5 a6 14. Qd3 Nc6 15. Bg5 h6 16. Bxf6 Qxf6 17. Qxd5 Re2 18. Nbd2 Rd8 19. Qb3 Ne5 20. Nxe5 Bxf2+ 21. Kh1 Qxe5 22. Nf3 Qe4 23. Nd4 Bxd4 24. Qxf7+ Kh8 0-1

[Event "Titled Tuesday intern op 13th Sep Late"]
[Site "Chess.com INT"]
[Date "2022.09.13"]
[Round "5"]
[White "Hoffmann, Asa"]
[Black "Marjanovic, Annamaria"]
[Result "0-1"]
[WhiteElo "2185"]
[BlackElo "2312"]
[PlyCount "108"]
[EventDate "2022.09.13"]
[EventType "swiss (blitz)"]
[EventRounds "11"]
[EventCountry "USA"]
[SourceTitle "EXT 2023"]
[Source "ChessBase"]
[SourceDate "2022.10.05"]
[SourceVersion "1"]
[SourceVersionDate "2022.10.05"]
[SourceQuality "1"]

1. d4 d5 2. Bg5 h6 3. Bh4 Nf6 4. e3 Bf5 5. Bd3 Bxd3 6. Qxd3 e6 7. Nd2 Nbd7 8. f4 Be7 9. Ngf3 c5 10. c3 c4 11. Qc2 Qc7 12. 0-0 0-0-0 13. Ne5 Rdf8 14. b3 Nxe5 15. fxe5 Ng4 16. Bf2 f6 17. Qg6 h5 18. h3 Nh6 19. Bg3 Nf5 20. exf6 Qxg3 21. Qxg3 Nxg3 22. fxe7 Rxf1+ 23. Nxf1 Ne2+ 24. Kh2 Nxc3 25. bxc4 Kd7 26. cxd5 exd5 27. Nd2 Kxe7 28. Rc1 Nxa2 29. Rc7+ Kf6 30. Rxb7 Nc3 31. Rxa7 Re8 32. Ra3 Nd1 33. Nf1 g5 34. Kg3 Kf5 35. Kf3 g4+ 36. hxg4+ hxg4+ 37. Ke2 Nb2 38. Ng3+ Kf6 39. Ra6+ Kg5 40. Ra5 Kh4 41. Nf5+ Kg5 42. Rxd5 Kf6 43. Nd6 Ra8 44. Ne4+ Ke6 45. Re5+ Kf7 46. Kf2 Nd3+ 47. Kg3 Nxe5 48. dxe5 Ke6 49. Kf4 Ra4 50. g3 Rb4 51. Kxg4 Rxe4+ 52. Kf3 Kxe5 53. g4 Ra4 54. g5 Kf5 0-1

[Event "Titled Tuesday intern op 13th Sep Late"]
[Site "Chess.com INT"]
[Date "2022.09.13"]
[Round "6"]
[White "Marjanovic, Annamaria"]
[Black "Colivet Gamboa, Julio Cesar"]
[Result "1/2-1/2"]
[WhiteElo "2312"]
[BlackElo "1844"]
[PlyCount "186"]
[EventDate "2022.09.13"]
[EventType "swiss (blitz)"]
[EventRounds "11"]
[EventCountry "USA"]
[SourceTitle "EXT 2023"]
[Source "ChessBase"]
[SourceDate "2022.10.05"]
[SourceVersion "1"]
[SourceVersionDate "2022.10.05"]
[SourceQuality "1"]

1. e4 c5 2. Nf3 Nc6 3. d4 cxd4 4. Nxd4 g6 5. c4 Bg7 6. Nc2 Nf6 7. Nc3 d6 8. Be2 0-0 9. 0-0 a5 10. Be3 a4 11. Rc1 Qa5 12. Na3 Be6 13. f3 Rfc8 14. Qd2 Ne5 15. Nd5 Qxd2 16. Bxd2 Bxd5 17. cxd5 Ned7 18. Bb5 Nc5 19. Be3 Nfd7 20. Rf2 h6 21. Rfc2 Rd8 22. Bxd7 Rxd7 23. Bxc5 dxc5 24. Nb5 b6 25. Kf1 Ra5 26. Na3 Bd4 27. Nc4 Ra6 28. Ke2 b5 29. Ne3 Rb7 30. Ng4 h5 31. Nf2 c4 32. Rd1 Be5 33. g3 a3 34. bxa3 Rxa3 35. f4 Bc3 36. Rb1 b4 37. Nd1 Rba7 38. Nxc3 bxc3 39. Ra1 Rb7 40. Kd1 Rb2 41. Kc1 Rb6 42. Rb1 Rxb1+ 43. Kxb1 Kf8 44. Rc1 Ke8 45. Rd1 Kd7 46. Rd4 Ra4 47. e5 f6 48. a3 Rxa3 49. Rxc4 Rb3+ 50. Kc1 Rb2 51. Rxc3 Rxh2 52. e6+ Kd6 53. Ra3 Rh1+ 54. Kd2 Kxd5 55. Ra7 Kxe6 56. Ra6+ Kf7 57. Ke3 Rh2 58. Kf3 h4 59. gxh4 Rxh4 60. Kg3 Rh5 61. Ra7 Rf5 62. Ra6 g5 63. fxg5 Rxg5+ 64. Kf4 Kg6 65. Ke4 e5 66. Ra7 Rg4+ 67. Kf3 Kf5 68. Ra6 Rf4+ 69. Ke3 Re4+ 70. Kf3 Rd4 71. Ra5 Rc4 72. Ke3 Rh4 73. Kf3 Rh3+ 74. Kg2 Kg4 75. Ra4+ e4 76. Rxe4+ Kf5 77. Ra4 Rh5 78. Ra5+ Kg6 79. Rxh5 Kxh5 80. Kh3 Kg5 81. Kg3 Kf5 82. Kf3 Ke5 83. Ke3 Kf5 84. Kf3 Kg5 85. Kg3 f5 86. Kf3 f4 87. Kf2 Kg4 88. Kg2 f3+ 89. Kf2 Kf4 90. Kf1 Ke4 91. Kf2 Kf4 92. Kf1 Kg4 93. Kf2 Kf4 1/2-1/2

[Event "Titled Tuesday intern op 13th Sep Late"]
[Site "Chess.com INT"]
[Date "2022.09.13"]
[Round "4"]
[White "Marjanovic, Annamaria"]
[Black "Rios Escobar, Adan"]
[Result "1-0"]
[WhiteElo "2312"]
[BlackElo "2276"]
[PlyCount "59"]
[EventDate "2022.09.13"]
[EventType "swiss (blitz)"]
[EventRounds "11"]
[EventCountry "USA"]
[SourceTitle "EXT 2023"]
[Source "ChessBase"]
[SourceDate "2022.10.05"]
[SourceVersion "1"]
[SourceVersionDate "2022.10.05"]
[SourceQuality "1"]

1. b3 Nf6 2. Bb2 g6 3. g3 Bg7 4. Bg2 0-0 5. Nf3 d6 6. 0-0 e5 7. d3 a5 8. a4 Nc6 9. Nbd2 h6 10. e4 Be6 11. h3 Qd7 12. Kh2 Nh7 13. Nc4 f5 14. Nh4 Qe8 15. exf5 gxf5 16. Ne3 f4 17. Nd5 Qd7 18. gxf4 Rf7 19. fxe5 Nxe5 20. f4 Nf3+ 21. Bxf3 Bxb2 22. Rb1 Bg7 23. Bg2 Nf6 24. Nxf6+ Bxf6 25. Qh5 Rg7 26. Rbe1 Bf7 27. Qxh6 Re8 28. Qxf6 Rxe1 29. Rxe1 Qc8 30. Nf5 1-0

[Event "Titled Tuesday intern op 13th Sep Late"]
[Site "Chess.com INT"]
[Date "2022.09.13"]
[Round "11"]
[White "Marjanovic, Annamaria"]
[Black "Timmermans, Mark"]
[Result "0-1"]
[WhiteElo "2312"]
[BlackElo "2391"]
[PlyCount "80"]
[EventDate "2022.09.13"]
[EventType "swiss (blitz)"]
[EventRounds "11"]
[EventCountry "USA"]
[SourceTitle "EXT 2023"]
[Source "ChessBase"]
[SourceDate "2022.10.05"]
[SourceVersion "1"]
[SourceVersionDate "2022.10.05"]
[SourceQuality "1"]

1. c4 b6 2. e4 Bb7 3. Nc3 e5 4. g3 Nf6 5. Bg2 Be7 6. Nge2 0-0 7. 0-0 c5 8. d3 Nc6 9. f4 d6 10. f5 Nd4 11. Nxd4 cxd4 12. Nb1 b5 13. cxb5 d5 14. exd5 Bxd5 15. Bxd5 Nxd5 16. Qg4 f6 17. Bh6 Rf7 18. Na3 Rc8 19. Nc4 Nb4 20. Rfd1 Nxd3 21. Rxd3 Rxc4 22. Rc1 Qc8 23. Rdd1 Bf8 24. Bd2 Rfc7 25. Rxc4 Rxc4 26. Qe4 Rc2 27. g4 Rxd2 28. Rxd2 Qc1+ 29. Rd1 Qxd1+ 30. Kg2 Qd2+ 31. Kf1 Qc1+ 32. Kg2 Qxb2+ 33. Kh3 Qxb5 34. g5 fxg5 35. f6 Qd7+ 36. Kg3 gxf6 37. Qf3 Kg7 38. Qb3 Bd6 39. Kf2 e4 40. Qd5 Bg3+ 0-1

[Event "Titled Tuesday intern op 13th Sep Late"]
[Site "Chess.com INT"]
[Date "2022.09.13"]
[Round "9"]
[White "Sliwicki, Damian"]
[Black "Marjanovic, Annamaria"]
[Result "1-0"]
[WhiteElo "2140"]
[BlackElo "2312"]
[PlyCount "145"]
[EventDate "2022.09.13"]
[EventType "swiss (blitz)"]
[EventRounds "11"]
[EventCountry "USA"]
[SourceTitle "EXT 2023"]
[Source "ChessBase"]
[SourceDate "2022.10.05"]
[SourceVersion "1"]
[SourceVersionDate "2022.10.05"]
[SourceQuality "1"]

1. e4 e6 2. Qe2 Be7 3. Nc3 d5 4. exd5 exd5 5. d4 Nf6 6. Bd2 0-0 7. 0-0-0 Re8 8. Nf3 Bd6 9. Qd3 Ne4 10. Be1 Bf4+ 11. Kb1 Bf5 12. Qb5 Nxc3+ 13. Bxc3 b6 14. Bd3 a6 15. Qb3 Bxd3 16. Rxd3 Nc6 17. Bd2 Bxd2 18. Rxd2 Na5 19. Qd3 Nc4 20. Re2 Qd7 21. Rhe1 h6 22. Ne5 Nxe5 23. Rxe5 Rxe5 24. Rxe5 Re8 25. Qxa6 Rxe5 26. dxe5 b5 27. f4 Qg4 28. Qa8+ Kh7 29. Qxd5 Qxf4 30. b3 b4 31. h3 g6 32. Kb2 Qf2 33. a4 bxa3+ 34. Kxa3 Qa7+ 35. Kb2 Qf2 36. b4 Qf4 37. Kb3 Kg7 38. c3 Qf1 39. Qd4 Qb1+ 40. Ka4 Qa2+ 41. Kb5 Qe6 42. c4 Qe8+ 43. Ka5 Qa8+ 44. Kb5 Qe8+ 45. Kc5 Qf8+ 46. Kc6 Qxb4 47. e6+ Kh7 48. exf7 Qe7 49. Qd7 Qf6+ 50. Kxc7 Kg7 51. c5 Qe5+ 52. Qd6 Qf5 53. c6 Qa5+ 54. Kd7 Qf5+ 55. Qe6 Qa5 56. c7 Qb5+ 57. Qc6 Qf5+ 58. Qe6 Qb5+ 59. Ke7 Qc5+ 60. Kd8 Qf8+ 61. Kd7 Qa8 62. c8Q Qa4+ 63. Qcc6 Qa7+ 64. Qc7 Qd4+ 65. Qed6 Qa4+ 66. Qcc6 Qa7+ 67. Qdc7 Qd4+ 68. Kc8 Kf8 69. Qd8+ Qxd8+ 70. Kxd8 Kg7 71. Qe8 h5 72. f8Q+ Kh7 73. Qef7# 1-0

[Event "Titled Tuesday intern op 19th Jul Early"]
[Site "Chess.com INT"]
[Date "2022.07.19"]
[Round "8"]
[White "Clarke, Brandon GI"]
[Black "Marjanovic, Annamaria"]
[Result "0-1"]
[WhiteElo "2486"]
[BlackElo "2312"]
[PlyCount "70"]
[EventDate "2022.07.19"]
[EventType "swiss (blitz)"]
[EventRounds "11"]
[EventCountry "USA"]
[SourceTitle "EXT 2023"]
[Source "ChessBase"]
[SourceDate "2022.10.05"]
[SourceVersion "1"]
[SourceVersionDate "2022.10.05"]
[SourceQuality "1"]

1. e4 e6 2. d4 d5 3. e5 c5 4. c3 Nc6 5. Nf3 Bd7 6. Bd3 cxd4 7. cxd4 Qb6 8. 0-0 Nxd4 9. Nbd2 Ne7 10. Nxd4 Qxd4 11. Nf3 Qb6 12. Be3 Qd8 13. Qb3 Nc6 14. a3 b6 15. Rac1 Be7 16. Bb5 Na5 17. Qa4 Bxb5 18. Qxb5+ Qd7 19. Nd4 Nc4 20. a4 Qxb5 21. axb5 Kd7 22. Bf4 Nxb2 23. Rc2 Nd3 24. Bg3 Rhc8 25. Ra2 Rc4 26. Nc6 a5 27. Rd1 Nb4 28. Ra4 Ke8 29. Nd4 Rac8 30. Kf1 Rc1 31. Rxc1 Rxc1+ 32. Ke2 Rc4 33. Nb3 Rc2+ 34. Kd1 Rc3 35. Nd4 Rd3+ 0-1